| 000 | 01155naa a22003257a 4500 | ||
|---|---|---|---|
| 001 | BR8106653 | ||
| 003 | BR-BrBNA | ||
| 005 | 20240918175016.0 | ||
| 007 | ta | ||
| 008 | 230509b bl.||||| |||| 00| 0 por d | ||
| 040 |
_aBR-BrBNA _bpor _cBiblioteca Nacional de Agricultura |
||
| 041 | _a(Pt) | ||
| 072 |
_aF00; F25 _b1940 _b0170 _bG514 |
||
| 090 | _aF00 BR8106653 | ||
| 100 | 1 | _aCarmo, C.M. do | |
| 245 | 1 | _aEnsaios preliminares do sorgo forrageiro e sorgo granifero [Pentecoste, Ceara, Brasil] | |
| 260 | 3 |
_aFortaleza, CE (Brasil): _c1981. |
|
| 500 | _aConvenio BNB/FCPC/UFC. Programa de pesquisa com a cultura do sorgo. Relatorio de pesquisa 1980 Fortaleza, CE (Brasil): 1981. p. 35-39 (BR8106653-AM)F00 | ||
| 650 | _aSORGO FORRAGEIRO | ||
| 650 | _aSORGO GRANIFERO | ||
| 650 | _aSOLO | ||
| 650 | _aADUBACAO | ||
| 650 | _aNPK | ||
| 650 | _aPRATICA CULTURAL | ||
| 650 | _aPENTECOSTE | ||
| 650 | _aCEARA | ||
| 773 | 0 |
_tConvenio BNB/FCPC/UFC. Programa de pesquisa com a cultura do sorgo. Relatorio de pesquisa 1980 _wF00 BR8106653 _gFortaleza, CE (Brasil), 1981. p. 35-39 |
|
| 909 |
_a202404 _bLucia _c55 _dLucia Elande |
||
| 942 |
_cAM _2AGRIS |
||
| 999 |
_c314556 _d314556 |
||